000 00670nam a22001937a 4500
005 20170316090535.0
008 170316b2012 mx ||||| |||| 00| 0dspa d
020 _a9786070909313
050 0 4 _aKGF5404
_bT67 2012
100 1 _aTorres Estrada, Pedro Rubén,
_eautor
245 1 0 _aReforma constitucional penal en México y su instrumentación /
_cPedro Rubén Torres Estrada.
250 _aPrimera edición
260 _aMéxico :
_bEGAP : Porrúa,
_cc2012
300 _axxii, 110 páginas ;
_c21 cm.
504 _aBibliografía : 103-110
650 7 _2lemb
_aAdministración de justicia penal
_zMéxico
650 7 _2lemb
_aReforma legal
_zMéxico
942 _2lcc
_cLIB
999 _c130454
_d130454